000 01702nam0a22002771 4500
001 rc\4534766
005 20260407183427.0
021 _aRU
_bРг3481-63
035 _a(NLR Aleph) 008357694
090 _a8978050
_c8978050
100 _a20130416d1963 |||y0rusy50 ca
101 0 _arus
102 _aRU
105 _ay z |||||
200 1 _aОпыт Кузнецкого металлургического комбината по организации экономического анализа
210 _aМосква
_cБ. и.
_d1963
215 _a16 с.
_d20
225 1 _aВсесоюзный совет научно-технических обществ (ВСНТО). Комитет экономики и организации производства. Государственный банк СССР. Министерство финансов СССР. Всесоюзный заочный финансовый экономический институт. Материалы Научно-технического совещания по организации и методике экономического анализа работы промышленных предприятий
333 _aНа правах рукописи
700 1 _aКогон
_bЕ.А.
712 1 2 _aВсесоюзное научно-техническое совещание по организации и методике экономического анализа работы промышленных предприятий
_d1
_f1963
_eМосква
_3RU\NLR\AUTH\8810118932
_9736622
801 0 _aRU
_bNLR
_gpsbo
801 1 _aRU
_bELAR
_2rusmarc
852 _aNLR
_j63-4/6115
942 _cBOOK
980 _aNB